Estatísticas para Quirguistão

Clique aqui para jogar o quiz

Estatísticas Gerais

  • Esse quiz foi jogado 12 vezes
  • A pontuação média é 9 de 13

Estatísticas das Respostas

HintResposta% Correto
Onde fica?Ásia
100%
Com que país faz fronteira a Sul?Tajiquistão
100%
Com que país faz fronteira a Oeste?Uzbequistão
100%
Com que país faz fronteira a Norte?Cazaquistão
88%
Com que país faz fronteira a Leste?China
88%
De que país é independente?União Soviética
88%
Qual é a sua religião?Islamismo
75%
Qual é o seu idioma?Quirguiz
75%
Qual é a sua moeda?Som quirguiz
75%
Qual é a sua capital?Bisqueque
50%
Qual é o seu ponto mais alto?Jengish Chokusu
13%
Qual é o seu prato típico?Palav
0%
Que tipo de cabanas podemos encontrar no interior do país?Yurtas
0%

Distribuição das Pontuações

Percentil de Números Respondidos

Porcentagem de Pessoas com Cada Pontuação

Sua Pontuação Histórica

Você não jogou esse quiz